Armes de Team Fortress 2 #2 (Scout) - Statistiques

Statistiques générales
  • Ce quiz a été pris 17 fois
  • Le résultat moyen est 7 sur 10
Statistiques - réponses
Par images Réponse % Correct
Pistolet
100%
Crit-a-Cola
86%
Ailier
71%
Bonk! Atomic Punch
71%
C.A.P.P.E.R
71%
Lait frelaté
71%
Pistolet de Poche du Beau Gosse
71%
Guillotine volante
64%
Lugermorph
57%
Lait mutant
43%
Aucun quiz correspondant
Distribution des résultats
% des personnes avec chaque résultat
Percentile par nombre de réponses
Votre historique - résultats
Vous n’avez pas pris ce quiz